000 00523nam a2200217Ia 4500
003 0100
008 130303s9999 xx 000 0 und d
020 _a0965292975
040 _cARRUPELIB
050 _aQH438.7.G445 2004
245 _aGenetics and ethics
245 _ban interdisciplinary study
260 _aNew York
260 _bSaint Louis University Press
260 _C2004
300 _axiv
300 _b 366p. 23 cm.
650 _bLull, Ramon
700 _aMagill, Gerard (ed.)
942 _2lcc
_01
999 _c59638
_d59638